ბათუმის შოთა რუსთაველის სახელმწიფო უნივერსიტეტის ბიბლიოთეკა

რგიული სტომატოლოგია : სახელმძღვ. სამედ. სპეც. სტუდ. / [ავტ. კოლ.: ტ. რობუსტოვა, ვ. აფანასიევი, . :- (ბიბ.ჩანაწერი № 38579)

000 -LEADER
fixed length control field 00710nam a2200169Ia 4500
001 - CONTROL NUMBER
control field 4696
003 - CONTROL NUMBER IDENTIFIER
control field GE_BSU
008 - FIXED-LENGTH DATA ELEMENTS--GENERAL INFORMATION
fixed length control field 181216s||||||||xx |||||||||||||| ||und||
040 ## - CATALOGING SOURCE
Transcribing agency GE_BSU
245 ## - TITLE STATEMENT
Title რგიული სტომატოლოგია : სახელმძღვ. სამედ. სპეც. სტუდ. / [ავტ. კოლ.: ტ. რობუსტოვა, ვ. აფანასიევი, . :-
245 ## - TITLE STATEMENT
Statement of responsibility, etc. ტ.გ. რობუსტოვას რედ–ით
250 ## - EDITION STATEMENT
Edition statement I-ლი გამოც
260 ## - PUBLICATION, DISTRIBUTION, ETC.
Place of publication, distribution, etc. თბილისი
260 ## - PUBLICATION, DISTRIBUTION, ETC.
Name of publisher, distributor, etc. მთაწმინდელი : [დავით ეფრემიძე],
260 ## - PUBLICATION, DISTRIBUTION, ETC.
Date of publication, distribution, etc. 2010.
942 ## - ADDED ENTRY ELEMENTS (KOHA)
Koha item type წიგნი

არაა ხელმისაწვდომი ეგზემპლარები.